[Event "Indywidualne Mistrzostwa Polski Juniorow do lat 16 - Dziewczeta"]
[Site "Szklarska Poreba"]
[Date "1899-12-30"]
[Round "4.24"]
[White "Zygmunt, Magdalena"]
[Black "Matyjasek, Michalina"]
[Result "0-1"]
[WhiteTitle "I"]
[BlackTitle "I"]
[WhiteElo "1206"]
[BlackElo "1342"]

1. e4 c5 2. Nc3 Nc6 3. g3 g6 4. Bg2 Bg7 5. d3 d6 6. f4 e6 7. Nf3 Nge7 8. O-O O-O
9. Be3 Nd4 10. Rb1 Rb8 11. Ne2 Nec6 12. c3 Nxe2+ 13. Qxe2 Qa5 14. a3 b5 15. d4
b4 16. axb4 Ba6 17. bxa5 Bxe2 18. Rf2 Bxf3 19. Bxf3 cxd4 20. cxd4 Rb3 21. e5 Nxa5
22. Bd2 Nc4 23. Bc3 Rfb8 24. Be4 d5 25. Bc2 R3b6 26. Bd3 Bf8 27. Bxc4 dxc4 28.
Rc2 Bb4 29. Bxb4 Rxb4 30. Kf1 Kf8 31. Ke1 Ke8 32. Kd2 Kd7 33. Kc3 a5 34. Rd1 Kc6
35. g4 Kd5 36. Rf1 Rb3+ 37. Kd2 Rxb2 38. Rxb2 Rxb2+ 39. Kc3 Rb3+ 40. Kc2 a4 41.
Rd1 a3 42. h4 Rf3 43. f5 gxf5 44. gxf5 Rxf5 45. Ra1 Rf3 0-1

[Event "Indywidualne Mistrzostwa Polski Juniorow do lat 16 - Dziewczeta"]
[Site "Szklarska Poreba"]
[Date "1899-12-30"]
[Round "5.1"]
[White "Marcinczyk, Monika"]
[Black "Waszczuk, Patrycja"]
[Result "1/2-1/2"]
[WhiteTitle "WCM"]
[BlackTitle "k++"]
[WhiteElo "1928"]
[BlackElo "2034"]

1. e4 c5 2. Nf3 Nc6 3. d4 cxd4 4. Nxd4 Nf6 5. Nc3 d6 6. Be2 e5 7. Nb3 Be7 8. Be3
Be6 9. O-O O-O 10. a3 a5 11. Qd3 a4 12. Nd2 Nd7 13. Nc4 Nc5 14. Bxc5 dxc5 15.
Nb5 Bxc4 16. Qxc4 Qb6 17. c3 Rfc8 18. Bg4 Rd8 19. Rad1 Na7 20. Nxa7 Qxa7 21. Rd7
Rxd7 22. Bxd7 Qb6 23. Bxa4 Qxb2 24. Bb3 Rf8 25. f4 exf4 26. Rxf4 Bf6 27. a4 Qxc3
28. Qxc3 Bxc3 29. Kf1 g6 30. Rf3 Be5 31. Bd5 b6 32. g3 Kg7 33. Ke2 f6 34. Rb3
f5 1/2-1/2

[Event "Indywidualne Mistrzostwa Polski Juniorow do lat 16 - Dziewczeta"]
[Site "Szklarska Poreba"]
[Date "1899-12-30"]
[Round "5.2"]
[White "Jarocka, Liwia"]
[Black "Dylag, Emilia"]
[Result "1-0"]
[WhiteTitle "FM"]
[BlackTitle "k+"]
[WhiteElo "2106"]
[BlackElo "2071"]

1. e4 c5 2. Nf3 d6 3. d4 cxd4 4. Nxd4 Nf6 5. Nc3 Nc6 6. Bg5 Bd7 7. Qd2 Rc8 8. O-O-O
Nxd4 9. Qxd4 Qa5 10. Bxf6 gxf6 11. Kb1 Qc5 12. Qd2 Bg7 13. f4 f5 14. e5 Qb4 15.
a3 Qb6 16. Nd5 Qc5 17. Ne3 Be6 18. exd6 O-O 19. dxe7 Qxe7 20. Bd3 Qf6 21. c3 Rfd8
22. Qc2 Rc5 23. g4 Rdc8 24. Rc1 Qd8 25. Nxf5 Bf6 26. g5 Bh8 27. Nh6+ Kf8 28. f5
Bd5 29. f6 Bxh1 30. Rxh1 Rxg5 31. h4 Rh5 32. Ng4 Bxf6 33. Rf1 Bg7 34. Bxh7 Rxh4
35. Qf5 Rc7 36. Bg6 f6 37. Nxf6 Qxf6 38. Qd3 Kg8 39. Qd5+ Kh8 40. Rxf6 Bxf6 41.
Qd6 Kg7 42. Qxc7+ Kxg6 43. Qxb7 a5 44. Ka2 a4 45. Qb5 Kf7 46. Qe2 Kg7 47. c4 Rh8
48. Qg4+ Kh6 49. Qe6 Kg5 50. Qd6 Re8 51. Qg3+ Kh6 52. Qh2+ Kg7 53. c5 Be5 54.
Qg2+ Kf7 55. Qd5+ Kf8 56. c6 1-0

[Event "Indywidualne Mistrzostwa Polski Juniorow do lat 16 - Dziewczeta"]
[Site "Szklarska Poreba"]
[Date "1899-12-30"]
[Round "5.3"]
[White "Vanduyfhuys, Daria"]
[Black "Budkiewicz, Magdalena"]
[Result "0-1"]
[WhiteTitle "WCM"]
[BlackTitle "I++"]
[WhiteElo "2059"]
[BlackElo "1619"]

1. d4 f5 2. c4 Nf6 3. Nc3 g6 4. Nf3 Bg7 5. g3 O-O 6. Bg2 d6 7. O-O Nc6 8. Bf4 Nh5
9. d5 Na5 10. Qa4 Nxf4 11. gxf4 c5 12. Nd1 e5 13. fxe5 dxe5 14. e4 Bd7 15. Qc2
b6 16. Qe2 f4 17. Kh1 g5 18. h3 g4 19. hxg4 Bxg4 20. Qd3 Qd7 21. Kh2 Rf6 22. Rh1
Rh6+ 23. Kg1 Rxh1+ 24. Kxh1 Rf8 25. Kg1 h5 26. b3 Bf6 27. Kh2 Nb7 28. Nc3 Nd6
29. Ne2 Nf7 30. Neg1 Nh6 31. Bh3 Qg7 32. Nd2 Kh8 33. Ngf3 Bxh3 34. Kxh3 Qd7+ 35.
Kg2 Rg8+ 36. Kf1 Qh3+ 37. Ke2 Rg2 38. Rf1 Ng4 39. Nxe5 Ne3 40. Ng6+ Rxg6 41. fxe3
Rg2+ 42. Rf2 Rxf2+ 43. Kxf2 fxe3+ 44. Ke2 Qg2+ 45. Kd1 Qxd2+ 46. Qxd2 exd2 47.
Kxd2 Be5 48. Ke2 Kg7 49. Kf3 Kf6 50. Kg2 Kg5 51. Kh3 Bd6 52. a3 a5 53. a4 h4 54.
Kg2 Kg4 0-1

[Event "Indywidualne Mistrzostwa Polski Juniorow do lat 16 - Dziewczeta"]
[Site "Szklarska Poreba"]
[Date "1899-12-30"]
[Round "5.4"]
[White "Harazinska, Magdalena"]
[Black "Zniszczol, Wiktoria"]
[Result "1-0"]
[WhiteTitle "WFM"]
[BlackTitle "I+"]
[WhiteElo "2011"]
[BlackElo "1642"]

1. d4 Nf6 2. Nf3 g6 3. c4 c5 4. Nc3 cxd4 5. Nxd4 Nc6 6. e4 d6 7. Be2 Bg7 8. Be3
O-O 9. O-O a6 10. Rc1 Nxd4 11. Bxd4 e6 12. Bf3 Qe7 13. e5 Nd7 14. exd6 Qxd6 15.
Bxg7 Qxd1 16. Rfxd1 Kxg7 17. Bxb7 Bxb7 18. Rxd7 Bc6 19. Rd6 Rac8 20. Rcd1 Kf6
21. b4 Bb7 22. c5 a5 23. a3 axb4 24. axb4 Rfe8 25. f3 Re7 26. Kf2 Ba8 27. Rd8
Re8 28. Rxe8 Rxe8 29. b5 Rc8 30. Rc1 Ke7 31. Na4 Bd5 32. Nb6 Rd8 33. c6 1-0

[Event "Indywidualne Mistrzostwa Polski Juniorow do lat 16 - Dziewczeta"]
[Site "Szklarska Poreba"]
[Date "1899-12-30"]
[Round "5.5"]
[White "Pisarek, Elzbieta"]
[Black "Adamczyk, Zuzanna"]
[Result "0-1"]
[WhiteTitle "I"]
[BlackTitle "I++"]
[WhiteElo "1567"]
[BlackElo "1850"]

1. e4 c5 2. Nf3 e6 3. b3 b6 4. Bd3 Bb7 5. O-O d6 6. Bb2 e5 7. c3 Nf6 8. Re1 g6
9. Bc2 Bg7 10. d4 Nc6 11. dxe5 Nxe5 12. c4 Nxf3+ 13. Qxf3 O-O 14. Nc3 Nd7 15.
Qd1 Bd4 16. Na4 Bxb2 17. Nxb2 Ne5 18. f4 Nc6 19. Qg4 Nd4 20. Bd3 Qf6 21. Nd1 Nf3+
22. Qxf3 Qxa1 23. Qf2 Qd4 24. Qxd4 cxd4 25. Nf2 Rae8 26. Rd1 f5 27. exf5 gxf5
28. Bf1 d5 29. Rxd4 dxc4 30. Bxc4+ Kh8 31. Nh3 Rd8 32. Rxd8 Rxd8 33. Nf2 Rd2 34.
a4 Bd5 35. Bd3 Be6 36. Kf1 Rb2 37. h3 Rxb3 38. Bb5 Rc3 39. Ke1 Rg3 40. Bc6 Rc3
41. Bb5 h5 42. Kd2 Ra3 43. Bc6 Bb3 44. Bd7 Bxa4 45. Bxf5 Bc6 46. g4 Rf3 47. Nd3
Rxh3 48. Ne5 Bb5 49. g5 Rg3 50. Be6 Kg7 51. Ke1 Re3+ 52. Kd2 Rxe5 53. fxe5 Kg6
54. Ke3 Kxg5 55. Kd4 Bc6 56. Bd5 Be8 57. Bb7 h4 58. Bc8 Bc6 59. Bh3 Kf4 60. e6
Kg3 61. Bf5 h3 62. e7 h2 63. Be4 Be8 64. Ke3 a5 65. Ke2 a4 66. Kd2 Kf2 67. Kc3
Kg1 0-1

[Event "Indywidualne Mistrzostwa Polski Juniorow do lat 16 - Dziewczeta"]
[Site "Szklarska Poreba"]
[Date "1899-12-30"]
[Round "5.6"]
[White "Furtak, Joanna"]
[Black "Kudlak, Julia"]
[Result "1-0"]
[WhiteTitle "k"]
[BlackTitle "I"]
[WhiteElo "1803"]
[BlackElo "1515"]

1. e4 c5 2. Nf3 Nc6 3. d4 cxd4 4. Nxd4 g6 5. c4 Nf6 6. Nc3 d6 7. Be2 Nxd4 8. Qxd4
Bg7 9. Be3 O-O 10. Qd2 Be6 11. Rc1 Qa5 12. f3 Rfc8 13. b3 a6 14. a3 Qxa3 15. Nb1
Qxb3 16. Bd1 Nxe4 17. Bxb3 Nxd2 18. Nxd2 b5 19. Kf2 bxc4 20. Bxc4 d5 21. Bd3 a5
22. Nb3 a4 23. Nd4 Bd7 24. Bb5 Rxc1 25. Rxc1 e5 26. Bxd7 exd4 27. Bd2 a3 28. Bc6
Rb8 29. Bxd5 Rb2 30. Rc8+ Bf8 31. Ke1 Kg7 32. Rc7 Bb4 33. Rxf7+ Kh8 34. Bxb4 Rxb4
35. Ra7 Rb2 36. f4 Rb1+ 37. Ke2 d3+ 38. Kxd3 Rd1+ 39. Ke4 Re1+ 40. Kd4 h5 41.
Rxa3 1-0

[Event "Indywidualne Mistrzostwa Polski Juniorow do lat 16 - Dziewczeta"]
[Site "Szklarska Poreba"]
[Date "1899-12-30"]
[Round "5.7"]
[White "Zarebska, Lena"]
[Black "Malicka, Maria"]
[Result "0-1"]
[WhiteTitle "I++"]
[BlackTitle "WCM"]
[WhiteElo "1783"]
[BlackElo "2199"]

1. e4 e5 2. Nc3 Nf6 3. Bc4 Nxe4 4. Qh5 Nd6 5. Bb3 Be7 6. d3 Nc6 7. Qg4 O-O 8. Nd5
Kh8 9. Nxe7 Qxe7 10. Ne2 Ne8 11. Qg5 Qxg5 12. Bxg5 d6 13. O-O h6 14. Bd2 Nf6 15.
Nc3 Be6 16. f4 exf4 17. Rxf4 Ne7 18. h3 Bxb3 19. axb3 c6 20. g4 Kg8 21. Rf2 Ned5
22. Nxd5 Nxd5 23. g5 hxg5 24. Bxg5 Rfe8 25. h4 a6 26. h5 Re5 27. Rg2 Kh7 28. c4
Ne3 29. d4 Re4 30. Bxe3 Rxe3 31. Rf1 f6 32. Rh2 Rxb3 33. h6 Re8 34. Kh1 gxh6 35.
Rg2 Rf8 36. Re1 Rf7 37. Re6 d5 38. cxd5 cxd5 39. Rd6 Rb5 40. Rd8 Rg7 41. Rf2 f5
42. Rd6 f4 43. Rh2 Rg6 44. Rd7+ Kg8 45. Rc2 Rg7 46. Rd6 f3 47. Rxh6 Rh7 48. Rc8+
Kg7 49. Rxh7+ Kxh7 50. Rf8 Rxb2 51. Rxf3 Kg6 52. Kg1 a5 53. Kf1 a4 54. Ke1 Rb3
55. Rf8 a3 56. Kd2 b5 57. Rd8 a2 58. Ra8 Rh3 59. Kc2 Rh1 60. Rxa2 Rh2+ 0-1

[Event "Indywidualne Mistrzostwa Polski Juniorow do lat 16 - Dziewczeta"]
[Site "Szklarska Poreba"]
[Date "1899-12-30"]
[Round "5.8"]
[White "Czarniecka, Aleksandra"]
[Black "Chomicka, Kinga"]
[Result "1-0"]
[WhiteTitle "k"]
[BlackTitle "I"]
[WhiteElo "2023"]
[BlackElo "1434"]

1. e4 e5 2. Nf3 Nc6 3. d4 exd4 4. Nxd4 Bc5 5. Be3 Qf6 6. c3 Nge7 7. Bc4 O-O 8.
O-O Bb6 9. f4 d6 10. Qd2 h6 11. Qf2 Rd8 12. Nxc6 Nxc6 13. Bxb6 axb6 14. Na3 Be6
15. Bd3 d5 16. e5 Qe7 17. Qg3 Bc8 18. Nc2 d4 19. c4 Nb4 20. Nxb4 Qxb4 21. f5 Qd2
22. Rae1 Re8 23. h4 h5 24. Qf3 Qh6 25. c5 bxc5 26. Bc4 Kf8 27. e6 f6 28. e7+ Rxe7
29. Rxe7 Kxe7 30. Re1+ Kd8 31. Qd5+ Bd7 32. Qg8+ Be8 33. Qxe8# 1-0

[Event "Indywidualne Mistrzostwa Polski Juniorow do lat 16 - Dziewczeta"]
[Site "Szklarska Poreba"]
[Date "1899-12-30"]
[Round "5.9"]
[White "Czarnecka, Lidia"]
[Black "Roszkiewicz, Anna"]
[Result "1/2-1/2"]
[WhiteTitle "I++"]
[BlackTitle "I++"]
[WhiteElo "1700"]
[BlackElo "1745"]

1. e4 c6 2. d4 d5 3. Nc3 dxe4 4. Nxe4 Bf5 5. Ng3 Bg6 6. h4 h6 7. Nf3 Nd7 8. h5
Bh7 9. Bd3 Bxd3 10. Qxd3 e6 11. Bf4 Qa5+ 12. Bd2 Bb4 13. Ne4 Bxd2+ 14. Nfxd2 Ngf6
15. Nd6+ Ke7 16. N6c4 Qc7 17. O-O-O Rhd8 18. Rhe1 Kf8 19. Qf3 Nb6 20. c3 Nxc4
21. Nxc4 c5 22. dxc5 Qxc5 23. Ne3 b5 24. g4 Rac8 25. Kb1 Qg5 26. Rg1 Qe5 27. Rge1
Qe4+ 28. Qxe4 Nxe4 29. Re2 Rxd1+ 30. Nxd1 Nf6 31. Ne3 Rd8 32. Kc2 1/2-1/2

[Event "Indywidualne Mistrzostwa Polski Juniorow do lat 16 - Dziewczeta"]
[Site "Szklarska Poreba"]
[Date "1899-12-30"]
[Round "5.10"]
[White "Mirowska, Oliwia"]
[Black "Mytnik, Kinga"]
[Result "1-0"]
[WhiteTitle "I++"]
[BlackTitle "I"]
[WhiteElo "1762"]
[BlackElo "1570"]

1. e4 d6 2. d4 Nf6 3. Nc3 Nbd7 4. Nf3 e5 5. h3 Be7 6. Bc4 c6 7. a3 b5 8. Ba2 a6
9. Be3 Bb7 10. O-O O-O 11. Qe2 Qc7 12. Nh4 Rfe8 13. Nf5 Bf8 14. Rad1 Bc8 15. Qf3
exd4 16. Bxd4 Ne5 17. Bxe5 dxe5 18. Nh6+ gxh6 19. Qxf6 Be6 20. Rd3 Bg4 21. hxg4
Bg7 22. Qf5 Rad8 23. Rfd1 Rxd3 24. Rxd3 Re7 25. Ne2 a5 26. Ng3 b4 27. axb4 axb4
28. Nh5 Qa7 29. Qc8+ Bf8 30. Rd8 Qxa2 31. Rxf8# 1-0

[Event "Indywidualne Mistrzostwa Polski Juniorow do lat 16 - Dziewczeta"]
[Site "Szklarska Poreba"]
[Date "1899-12-30"]
[Round "5.11"]
[White "Siekanska, Zuzanna"]
[Black "Dadello, Barbara"]
[Result "1-0"]
[WhiteTitle "I"]
[BlackTitle "I"]
[WhiteElo "1517"]
[BlackElo "1615"]

1. d4 d5 2. c4 e6 3. Nc3 Nf6 4. cxd5 exd5 5. Bg5 Be7 6. e3 O-O 7. Bd3 c6 8. Qc2
Nbd7 9. Nf3 Re8 10. O-O Nf8 11. h3 g6 12. Bh6 Ne6 13. Ne5 Ng7 14. g4 Bb4 15. a3
Bd6 16. f4 Nd7 17. Qf2 Qc7 18. Rae1 b5 19. h4 Bf8 20. Ne2 Nxe5 21. fxe5 Bxg4 22.
Nf4 Be6 23. h5 Nf5 24. Bxf8 Rxf8 25. Qg2 Ng7 26. Rf3 Qe7 27. hxg6 fxg6 28. Ref1
Bf7 29. Rh3 Be8 30. Rff3 Rb8 31. Rxh7 Kxh7 32. Nxg6 Bxg6 33. Qxg6+ Kg8 34. Qh7#
1-0

[Event "Indywidualne Mistrzostwa Polski Juniorow do lat 16 - Dziewczeta"]
[Site "Szklarska Poreba"]
[Date "1899-12-30"]
[Round "5.12"]
[White "Kaznowska, Weronika"]
[Black "Pawlak, Emilia"]
[Result "0-1"]
[WhiteTitle "I"]
[BlackTitle "I"]
[WhiteElo "1396"]
[BlackElo "1595"]

1. d4 Nf6 2. Bf4 g6 3. Nf3 Bg7 4. e3 O-O 5. Nbd2 d6 6. Bd3 Nc6 7. c3 e5 8. Bg5
Qe8 9. Bxf6 Bxf6 10. O-O Bg7 11. Bb5 a6 12. Ba4 b5 13. Bb3 Na5 14. a4 e4 15. Ne1
Nxb3 16. Qxb3 Bg4 17. f3 exf3 18. gxf3 Qxe3+ 19. Rf2 bxa4 20. Qxa4 Bh3 21. Qc6
Bf6 22. Nc2 Qg5+ 23. Kh1 Qf5 24. Ne4 Bh4 25. Ng3 Qb5 26. Qxc7 Qxb2 27. Qxd6 Bxg3
28. Qxg3 Bf5 29. Qg1 Bxc2 30. Rc1 Qxc3 31. Rcxc2 Qxd4 32. Qf1 Rfd8 33. Qg2 a5
34. f4 Qd5 35. Rf3 Qe4 36. Rcf2 Rd1+ 37. Rf1 Rad8 38. f5 R8d2 39. Qh3 Rd3 0-1

[Event "Indywidualne Mistrzostwa Polski Juniorow do lat 16 - Dziewczeta"]
[Site "Szklarska Poreba"]
[Date "1899-12-30"]
[Round "5.13"]
[White "Sawa, Daria"]
[Black "Tomczak, Marta"]
[Result "1/2-1/2"]
[WhiteTitle "I"]
[BlackTitle "I"]
[WhiteElo "1589"]
[BlackElo "1510"]

1. e4 c5 2. Nf3 Nc6 3. d4 cxd4 4. Nxd4 Nf6 5. Nc3 d6 6. Bg5 e6 7. Qd2 a6 8. O-O-O
Bd7 9. f4 h6 10. Bh4 Nxe4 11. Nxe4 Qxh4 12. Nf3 Qg4 13. Nxd6+ Bxd6 14. Qxd6 Rd8
15. Qc7 Nb4 16. Rxd7 Rxd7 17. Qxd7+ Kxd7 18. Ne5+ Ke7 19. Nxg4 Nxa2+ 20. Kb1 Nb4
21. Be2 Rc8 22. Ne3 g5 23. fxg5 hxg5 24. Bf3 b5 25. Rd1 a5 26. c3 Nc6 27. Nc2
Ne5 28. Nd4 b4 29. cxb4 axb4 30. Ka2 g4 31. Be2 Rh8 32. Rh1 Rd8 33. Rd1 f5 34.
Kb3 Rh8 35. Rh1 Rb8 36. Bc4 Kf6 37. Rf1 Rd8 38. Bxe6 Rxd4 39. Bxf5 Kg5 40. Rf2
Nc6 41. Kc2 Rd8 42. Bd3 Nd4+ 43. Kd2 Ne6 44. Rf5+ Kh4 45. g3+ Kh3 46. Rh5+ Kg2
47. Ke3 Nd4 48. Be4+ Nf3 49. Rh4 Kg1 50. Bxf3 gxf3 51. Kxf3 Rd3+ 52. Ke2 Rb3 53.
Kd1 Rxb2 54. Kc1 Re2 55. Rxb4 Kxh2 56. g4 Kh3 57. g5 Rg2 58. Rb5 Kh4 59. Rb8 Rxg5
1/2-1/2

[Event "Indywidualne Mistrzostwa Polski Juniorow do lat 16 - Dziewczeta"]
[Site "Szklarska Poreba"]
[Date "1899-12-30"]
[Round "5.14"]
[White "Laszczuk, Zuzanna"]
[Black "Kroliczek, Gabriela"]
[Result "0-1"]
[WhiteTitle "I"]
[BlackTitle "I++"]
[WhiteElo "1277"]
[BlackElo "1588"]

1. Nf3 g6 2. g3 Bg7 3. Bg2 c5 4. d3 d6 5. O-O Nc6 6. e4 e5 7. Nbd2 Nge7 8. Ne1
O-O 9. f4 f5 10. Ndf3 Qb6 11. c3 c4+ 12. Kh1 cxd3 13. Qxd3 fxe4 14. Qxe4 d5 15.
Qe2 e4 16. Nd2 h5 17. Nb3 Bg4 18. Qe3 Qxe3 19. Bxe3 Nf5 20. Nc2 h4 21. Bf2 h3
22. Bxe4 dxe4 23. Nc5 Rfe8 24. Nxb7 Rab8 25. Nc5 Rxb2 26. Rfc1 e3 27. Be1 Rb5
28. Nb3 a5 29. c4 Rxb3 30. axb3 Bxa1 31. Rxa1 Ncd4 32. Nxd4 Nxd4 33. Rxa5 Ne2
34. Re5 Bf3# 0-1

[Event "Indywidualne Mistrzostwa Polski Juniorow do lat 16 - Dziewczeta"]
[Site "Szklarska Poreba"]
[Date "1899-12-30"]
[Round "5.15"]
[White "Tarka, Aleksandra"]
[Black "Szczypawka, Aleksandra"]
[Result "0-1"]
[WhiteTitle "I++"]
[BlackTitle "I"]
[WhiteElo "1656"]
[BlackElo "1476"]

1. d4 f5 2. g4 fxg4 3. h3 g6 4. e4 Bg7 5. hxg4 d6 6. Bg2 c5 7. d5 Qb6 8. c3 Nd7
9. f4 Qc7 10. Na3 a6 11. Bd2 b5 12. Qe2 Nh6 13. e5 Ng8 14. Qe4 Nf8 15. g5 Bf5
16. Qe3 Nd7 17. e6 Nb6 18. Qe2 Na4 19. Kf2 Nxb2 20. Nxb5 Qb6 21. Na3 Nd3+ 22.
Kg3 Qb2 23. Nc4 Qxa1 24. Nh3 Qxa2 25. Ne3 Bxh3 26. Bxh3 Bxc3 27. Rd1 Nb4 28. Nc4
Nxd5 29. Qd3 Bd4 30. f5 Rb8 31. Kh4 Qb3 32. Qe2 h6 33. Bg2 hxg5+ 34. Kxg5 Qg3+
35. Qg4 Bf6+ 0-1

[Event "Indywidualne Mistrzostwa Polski Juniorow do lat 16 - Dziewczeta"]
[Site "Szklarska Poreba"]
[Date "1899-12-30"]
[Round "5.16"]
[White "Libura, Julianna"]
[Black "Zablocka, Marta"]
[Result "1-0"]
[WhiteTitle "I"]
[BlackTitle "I"]
[WhiteElo "1639"]
[BlackElo "1211"]

1. d4 d5 2. Nf3 Nc6 3. g3 Bf5 4. c3 Nf6 5. Bg2 Qd7 6. O-O Bh3 7. b4 a6 8. Nbd2
g6 9. Re1 Bxg2 10. Kxg2 Ne4 11. Qc2 f5 12. Nb3 b6 13. Bf4 Bg7 14. a4 Nd8 15. h4
Nf7 16. Ne5 Nxe5 17. Bxe5 Bxe5 18. dxe5 Qe6 19. f3 Nxg3 20. Kxg3 Qxe5+ 21. Kg2
Rg8 22. Rg1 Qf4 23. Kh3 h6 24. Qd2 Qe5 25. f4 Qe4 26. Rg3 g5 27. Rag1 g4+ 28.
Kh2 Qe6 29. Re3 Qf6 30. Kg3 O-O-O 31. Re5 e6 32. Qd3 Kb7 33. a5 Rde8 34. Ra1 b5
35. Nc5+ Ka7 36. Qd4 Qf7 37. Nxe6+ Kb8 38. Qxd5 Re7 39. Qc6 Ka7 40. Nc5 1-0

[Event "Indywidualne Mistrzostwa Polski Juniorow do lat 16 - Dziewczeta"]
[Site "Szklarska Poreba"]
[Date "1899-12-30"]
[Round "5.17"]
[White "Trzaskowska, Hanna"]
[Black "Kot, Ewelina"]
[Result "1/2-1/2"]
[WhiteTitle "I"]
[BlackTitle "II+"]
[WhiteElo "1607"]
[BlackElo "1201"]

1. e4 e6 2. d4 d5 3. Nd2 Nf6 4. e5 Nfd7 5. Bd3 c5 6. c3 Nc6 7. Ne2 Qb6 8. Nf3 c4
9. Bc2 Qc7 10. b4 b5 11. a4 Ba6 12. O-O Nb6 13. a5 Nd7 14. Rb1 Rb8 15. Bg5 Be7
16. Nf4 h6 17. Bxe7 Nxe7 18. Nh5 g6 19. Nf4 Bb7 20. Qd2 a6 21. h3 Nf8 22. Nh2
h5 23. h4 Qd8 24. Nf3 Nh7 25. Rbe1 Kd7 26. Nh3 Rf8 27. Qh6 Rh8 28. Qf4 Qg8 29.
Nhg5 Nxg5 30. Nxg5 Rf8 31. Re3 Ke8 32. Rf3 Qg7 33. Qf6 Qxf6 34. Rxf6 Ng8 35. Rf3
Nh6 36. Re3 Ng4 37. Re2 Ke7 38. f3 Nh6 39. Rfe1 Bc8 40. Nh3 Rhg8 41. Nf4 Bd7 42.
Kh2 Rg7 43. Kh3 Rh8 44. g4 hxg4+ 45. fxg4 Ng8 46. g5 Kd8 47. Kg4 Ne7 48. h5 Bc8
49. h6 Rgg8 50. Rf2 Rf8 51. Ref1 Ke8 52. Ng2 Bd7 53. Ne3 Bc8 54. Kh3 Bd7 55. Ng4
Bc8 56. Nf6+ Kd8 57. Ng4 Ke8 58. Nf6+ Kd8 59. Kg4 Bb7 60. Rf3 Bc8 61. h7 Bb7 62.
Rh3 Bc8 63. Rhf3 Bb7 64. R3f2 Bc8 65. Kg3 Bb7 66. Rh2 Bc8 67. Rhf2 Bb7 68. Ng8
Rxh7 69. Nxe7 Kxe7 70. Bxg6 Rg7 71. Bh5 Rxg5+ 72. Kh4 Rg7 73. Rf4 Bc6 74. Rg4
Rh7 75. Rgf4 Rg7 76. Rg4 Rh7 77. Rg5 Rfh8 78. Kg4 1/2-1/2

[Event "Indywidualne Mistrzostwa Polski Juniorow do lat 16 - Dziewczeta"]
[Site "Szklarska Poreba"]
[Date "1899-12-30"]
[Round "5.18"]
[White "Sloniewska, Alicja"]
[Black "Wojtas, Julia"]
[Result "1-0"]
[WhiteTitle "I"]
[BlackTitle "I"]
[WhiteElo "1530"]
[BlackElo "1550"]

1. d4 Nf6 2. c4 g6 3. Nc3 Bg7 4. e4 d6 5. Be2 O-O 6. Nf3 e5 7. dxe5 dxe5 8. Qxd8
Rxd8 9. Bg5 c6 10. Nxe5 Re8 11. O-O-O Na6 12. Nf3 Nc5 13. Rhe1 Be6 14. Nd2 Ng4
15. Bh4 Bd4 16. Rf1 Nxh2 17. Rh1 Ng4 18. Bxg4 Bxg4 19. f3 Be6 20. Kc2 f5 21. b4
Bxc3 22. Kxc3 Nd7 23. Bg3 a5 24. a3 axb4+ 25. axb4 Ra3+ 26. Kb2 Ra4 27. exf5 Bxf5
28. Ne4 Rxb4+ 29. Kc3 Ra4 30. Rxd7 Bxd7 31. Nf6+ Kg7 32. Nxd7 Re2 33. Be5+ Kf7
34. Rxh7+ Ke8 35. Nf6+ Kd8 36. Bc7+ Kc8 37. Bb6 Ra3+ 38. Kd4 Rd2+ 39. Kc5 Rd8
40. Bxd8 Kxd8 41. Rxb7 g5 42. Kxc6 g4 43. Nxg4 Rc3 44. Ne5 Kc8 45. Rc7+ 1-0

[Event "Indywidualne Mistrzostwa Polski Juniorow do lat 16 - Dziewczeta"]
[Site "Szklarska Poreba"]
[Date "1899-12-30"]
[Round "5.19"]
[White "Bednarska, Julita"]
[Black "Wolagiewicz, Kinga"]
[Result "1-0"]
[WhiteTitle "I"]
[BlackTitle "I"]
[WhiteElo "1356"]
[BlackElo "1643"]

1. d4 d5 2. e3 e6 3. Nf3 Nf6 4. Bd3 c5 5. c3 Nc6 6. Qe2 Bd6 7. Nbd2 O-O 8. e4 dxe4
9. Nxe4 cxd4 10. Nxf6+ gxf6 11. Nxd4 Ne5 12. Bc2 Ng6 13. h4 e5 14. Nf5 e4 15.
Nxd6 Qxd6 16. h5 Ne7 17. Qxe4 Qe6 18. Be3 Qxe4 19. Bxe4 Nc6 20. O-O-O Be6 21.
Kb1 Rfe8 22. Bc2 a6 23. b3 f5 24. Rh4 Ne7 25. Bd4 Rad8 26. Rf4 Nd5 27. Rh4 Rc8
28. Kb2 b5 29. Rd3 f4 30. Rd1 f6 31. Be4 f5 32. Bxd5 Bxd5 33. Rd2 Bxg2 34. Rxf4
Bf1 35. Rxf5 Re2 36. Rxe2 Bxe2 37. h6 a5 38. Re5 Bd3 39. Rg5+ Bg6 40. Rxb5 a4
41. Ra5 axb3 42. axb3 Re8 43. Be3 Rd8 44. c4 Rd1 45. c5 Rb1+ 46. Kc3 Be4 47. Ra3
Rd1 48. b4 Rd3+ 49. Kb2 Rxa3 50. Kxa3 Bc6 51. Kb3 Bb5 52. Kc3 Kf7 53. Kd4 Ke6
54. f4 Bc6 55. Kc4 Kf5 56. b5 Be4 57. c6 Kg6 58. c7 Bb7 59. Kc5 Kxh6 60. Kb6 1-0

[Event "Indywidualne Mistrzostwa Polski Juniorow do lat 16 - Dziewczeta"]
[Site "Szklarska Poreba"]
[Date "1899-12-30"]
[Round "5.20"]
[White "Giefert, Sara"]
[Black "Matyjasek, Michalina"]
[Result "1-0"]
[WhiteTitle "I"]
[BlackTitle "I"]
[WhiteElo "1497"]
[BlackElo "1342"]

1. d4 Nf6 2. Bg5 e6 3. e3 d5 4. Bd3 c5 5. c3 Nc6 6. f4 Be7 7. Nf3 Qc7 8. O-O c4
9. Bc2 O-O 10. Ne5 b5 11. Nd2 a5 12. Rf3 Re8 13. Rh3 g6 14. Qe1 Nxe5 15. fxe5
Nd7 16. Bxe7 Rxe7 17. Rxh7 Kxh7 18. Qh4+ Kg7 19. Qxe7 Ba6 20. Rf1 Rf8 21. Rf6
Qd8 22. Rxg6+ Kh8 23. Rxe6 Qxe7 24. Rxe7 Nb8 25. Nf3 Bc8 26. Nh4 Kg8 27. Bf5 b4
28. Bxc8 Rxc8 29. Rb7 Nc6 30. Nf5 Rd8 31. Rb6 Nb8 32. Rd6 Re8 33. Rxd5 Nc6 34.
Rc5 bxc3 35. bxc3 Nb8 36. Rxc4 Nd7 37. Rc7 Nb6 38. Nd6 Rf8 39. c4 Kg7 40. e6 1-0

[Event "Indywidualne Mistrzostwa Polski Juniorow do lat 16 - Dziewczeta"]
[Site "Szklarska Poreba"]
[Date "1899-12-30"]
[Round "5.21"]
[White "Bienko, Jagoda"]
[Black "Zygmunt, Patrycja"]
[Result "0-1"]
[WhiteTitle "I"]
[BlackTitle "I"]
[WhiteElo "1451"]
[BlackElo "1338"]

1. d4 e6 2. c4 f5 3. Nc3 Nf6 4. g3 Be7 5. Bg2 d5 6. Nh3 c6 7. O-O O-O 8. b3 Bd7
9. Bb2 Be8 10. Rc1 Nbd7 11. Nf4 Bf7 12. cxd5 exd5 13. Qd2 Ne4 14. Nxe4 fxe4 15.
Rc2 Bg5 16. Qc3 Bxf4 17. gxf4 Bh5 18. Bc1 Rf6 19. Kh1 Bg6 20. Rg1 e3 21. Rb2 exf2
22. Rf1 Bf5 23. Rxf2 Rh6 24. Qg3 Rg6 25. Qe3 Qh4 26. Bd2 Nf6 27. Rf3 Ng4 28. Qg1
Be4 29. Be1 Qh6 30. Rg3 Qxf4 31. Bxe4 Qxe4+ 32. Qg2 Qxd4 33. Rb1 Ne3 34. Qf3 Rxg3
35. Qxg3 Qe4+ 36. Kg1 Qxb1 37. Kf2 Nd1+ 38. Kg1 Qg6 39. Qxg6 hxg6 40. Kg2 Rf8
41. Bg3 Nc3 0-1

[Event "Indywidualne Mistrzostwa Polski Juniorow do lat 16 - Dziewczeta"]
[Site "Szklarska Poreba"]
[Date "1899-12-30"]
[Round "5.22"]
[White "Zalucka, Emilia"]
[Black "Drob, Julia"]
[Result "1-0"]
[WhiteTitle "I"]
[BlackTitle "I"]
[WhiteElo "1432"]
[BlackElo "1336"]

1. e4 c5 2. Nf3 d6 3. d4 cxd4 4. Nxd4 Nf6 5. Nc3 Nc6 6. Be2 e6 7. Be3 Be7 8. O-O
O-O 9. Kh1 Bd7 10. f4 h6 11. Qe1 Qa5 12. Qg3 e5 13. Nb3 Qd8 14. f5 Kh8 15. Qh3
Nh7 16. g4 Bg5 17. Nd5 Ne7 18. f6 Nxd5 19. fxg7+ Kxg7 20. exd5 b5 21. Nd2 Bxe3
22. Qxe3 Qg5 23. Qd3 Nf6 24. Rf2 Rac8 25. Raf1 Nxd5 26. Ne4 Nf4 27. Rxf4 Qxf4
28. Rxf4 exf4 29. Qd4+ Kg6 30. Qf6+ Kh7 31. Bd3 Bc6 32. Kg1 Kg8 33. Nxd6 Rcd8
34. Qxh6 f5 35. Bxf5 Rxf5 36. gxf5 Rd7 37. f6 Bd5 38. Qg5+ 1-0

[Event "Indywidualne Mistrzostwa Polski Juniorow do lat 16 - Dziewczeta"]
[Site "Szklarska Poreba"]
[Date "1899-12-30"]
[Round "5.23"]
[White "Szewczyk, Malwina"]
[Black "Wysocka, Edyta"]
[Result "0-1"]
[WhiteTitle "I"]
[BlackTitle "I"]
[WhiteElo "1413"]
[BlackElo "1393"]

1. d4 d5 2. Nf3 e6 3. e3 Nf6 4. Bd3 Be7 5. Nbd2 O-O 6. b3 b6 7. Bb2 Nbd7 8. O-O
Bb7 9. Ne5 Nxe5 10. dxe5 Nd7 11. f4 Nc5 12. Bxh7+ Kxh7 13. Qh5+ Kg8 14. Rf3 f6
15. Rh3 f5 16. Rf1 Ba6 17. Rff3 Be2 18. Qh7+ Kf7 19. Qh5+ g6 20. Qh7+ Ke8 21.
Qxg6+ Kd7 22. Rf2 Rg8 23. Qf7 Bg4 24. Rh7 Qf8 25. Qxf8 Raxf8 26. a3 Rh8 27. Rxh8
Rxh8 28. h3 Bh5 29. Kh2 Bd1 30. Nf3 Ne4 31. Rf1 Bxc2 32. Nd4 Bd3 33. Rd1 Ba6 34.
Nxf5 Rh7 35. Nxe7 Kxe7 36. a4 c5 37. Ba3 Kd7 38. Bb2 Nf2 39. Rd2 Ng4+ 40. Kg1
Nxe3 41. Kf2 Nf5 42. g4 Ne7 43. Kg3 Bb7 44. h4 d4 45. h5 Nd5 46. Rh2 Ke8 47. g5
Kf8 48. g6 Rh6 49. Kg4 Ne3+ 50. Kg5 Kg7 51. Bc1 Nf5 52. Rh3 a6 53. Bd2 Ne7 54.
Rg3 Bc6 55. Be1 Be8 56. Bd2 Bxg6 57. Be1 Rxh5+ 58. Kg4 Rf5 59. Bd2 Kf7 60. Rh3
Kg7 61. b4 c4 62. b5 axb5 63. axb5 Nd5 64. Rg3 Bh5+ 65. Kh4+ Kf7 66. Ra3 c3 67.
Ra7+ Kf8 68. Be1 d3 69. Rh7 d2 70. Bxd2 cxd2 71. Rxh5 Rxh5+ 72. Kxh5 d1=Q+ 73.
Kg5 Qg1+ 74. Kh6 Nxf4 75. Kh7 Qg7# 0-1